Drapeaux révélant des drapeaux #1 - Statistiques

Statistiques générales
  • Ce quiz a été pris 347 fois
  • Le résultat moyen est 18 sur 21
Réponses sur la Carte
Les réponses sont colorées sur une échelle allant du rouge au vert en fonction du pourcentage des utilisateurs qui les ont devinées à leur premier essai. Vous pouvez retrouver ces pourcentages ci-dessous.
 
Statistiques - réponses
Réponses % Correct
Japon
100%
Algérie
98%
Grèce
98%
Italie
98%
Portugal
98%
Uruguay
95%
République Tchèque
93%
Ukraine
93%
Viêt Nam
93%
Panama
91%
Côte d'Ivoire
87%
Singapour
87%
Bhoutan
84%
Pérou
82%
Ouganda
78%
Palaos
67%
Botswana
64%
République Centrafricaine
64%
Zambie
62%
Yémen
61%
Antigua-et-Barbuda
58%
Aucun quiz correspondant
Distribution des résultats
% des personnes avec chaque résultat
Percentile par nombre de réponses
Votre historique - résultats
Vous n’avez pas pris ce quiz